000 00670cam a2200241 a 4500
001 000006173
003 OSt
005 20201002125103.0
008 040414s2002 mx 001 0 spa
020 _a968834592X
040 _aDO-SdBNP
_bspa
_cBNPHU
082 _aM861.44
_bM322a
100 1 _aMarcué, Ignacio,
_d1952-
_917308
245 1 0 _aAljibe /
_cIgnacio Marcué.
260 _aXalapa, México :
_bUniversidad Veracruzana,
_c2002.
300 _a105 p. ;
_c21 cm.
490 1 _aFicción
590 _aInventariado, 2020 / DG
650 4 _aPoesía mexicana
_99120
650 4 _aLiteratura mexicana
_91922
910 _aInventariado, 2020 / DG
942 _2ddc
_cLF1
999 _c5969
_d5969